Normal view
MARC view
- Khan,Muhammad Saydal
Entry Personal Name
001 - CONTROL NUMBER
- control field: 26389
003 - CONTROL NUMBER IDENTIFIER
- control field: NUST
005 - DATE AND TIME OF LATEST TRANSACTION
- control field: 20191203100719.0
008 - FIXED-LENGTH DATA ELEMENTS
- fixed length control field: 191203|| aca||aabn | a|a d
040 ## - CATALOGING SOURCE
- Original cataloging agency: NUST
- Transcribing agency: NUST
100 ## - HEADING--PERSONAL NAME
- Personal name: Khan,Muhammad Saydal
670 ## - SOURCE DATA FOUND
- Source citation: Work cat.: (NUST): Khan,Muhammad Saydal, Assesment of solar photovoltaic water pumping of wasa tube wells for quetta walley aquifer, 2019
